000 02329nam0a2200349 4500
001 RU\NLR\BIBL_A\011982303
005 20190426132206.0
010 _a978-5-7310-4458-5
_9500
021 _aRU
_bКН-П-19-018654
_9КН-П-19-1400
035 _a(NLR Aleph) 011982303
035 _a(RuMoRGB)009923198
090 _a11314624
_c11314624
100 _a20190405d2018 k y0rusy50 ca
101 0 _arus
_aeng
_deng
102 _aRU
105 _aa|||z|||000zy
200 1 _aАктуальные проблемы современной лингвистики
_eсборник статей
_fМинистерство науки и высшего образования Российской Федерации, Федеральное государственное бюджетное образовательное учреждение высшего образования "Санкт-Петербургский государственный экономический университет", Кафедра английского языка и перевода
_gпод редакцией доктора филологических наук, профессора Е.А. Нильсен, кандидата филологических наук А.С. Персининой
210 _aСанкт-Петербург
_cИзд-во Санкт-Петербургского государственного экономического университета
_d2018
215 _a69 с.
_cил., табл.
_d20
300 _aЧасть текста на англ. яз.
320 _aБиблиогр. в конце ст.
606 1 _aЯзыкознание
_jСборники
_2nlr_sh1
_2nlr_sh2
_3RU\NLR\AUTH\6613279
686 1 _aШ1я43
702 1 _aНильсен
_bЕ. А.
_cд-р филол. наук
_gЕвгения Александровна
_3RU\NLR\AUTH\770189135
_4340
712 0 2 _aСанкт-Петербургский государственный экономический университет
_bКафедра английского языка и перевода
_3RU\NLR\AUTH\8810247292
_4570
942 _cBOOK
980 _aNBR
980 _aNB